Cross and Tapper on evidence
The 11th edition of 'Cross and Tapper on Evidence' retains the comprehensive coverage and in-depth insight of previous editions to meet the needs of today's degree, bar and police students, as well as practitioners. The book provides criticism and comment on the law, drawing on recent...
Saved in:
| Main Author: | |
|---|---|
| Other Authors: | |
| Format: | Book |
| Published: |
Oxford :
Oxford University Press,
©2007.
|
| Edition: | 11th ed. |
| Subjects: | |
| Tags: |
Add Tag
No Tags, Be the first to tag this record!
|
MARC
| LEADER | 00000nam a22000007a 4500 | ||
|---|---|---|---|
| 020 | |a 9780199292004 |c TZS 117,433/= | ||
| 040 | |a MUL |b eng |e AACR | ||
| 082 | |a 344.2076 TAP | ||
| 100 | |a Tapper, Colin | ||
| 245 | |a Cross and Tapper on evidence |c / Colin Tapper and Rupert Cross | ||
| 250 | |a 11th ed. | ||
| 260 | |a Oxford : |b Oxford University Press, |c ©2007. | ||
| 300 | |a clvi, 790 p. ; |c 25 cm. | ||
| 504 | |a Includes index | ||
| 520 | |a The 11th edition of 'Cross and Tapper on Evidence' retains the comprehensive coverage and in-depth insight of previous editions to meet the needs of today's degree, bar and police students, as well as practitioners. The book provides criticism and comment on the law, drawing on recent cases | ||
| 546 | |a eng | ||
| 650 | |a Evidence (Law) |z England | ||
| 650 | |a Evidence | ||
| 700 | |a Cross, Rupert | ||
| 942 | |c BK | ||
| 999 | |c 10591 |d 10591 | ||